Técnicas de bioquímica y biología molecular

Sábháilte in:
Sonraí bibleagrafaíochta
Príomhchruthaitheoir: Freifelder, David (Údar)
Formáid: LEABHAR
Teanga:Spáinnis
Foilsithe / Cruthaithe: Barcelona Reverté S. A 1981
Eagrán:1a. ed
Sraith:Biología Fundamental
Ábhair:
Clibeanna: Cuir clib leis
Níl clibeanna ann, Bí ar an gcéad duine le clib a chur leis an taifead seo!

MARC

LEADER 00000cam a2200000 a 4500
001 UCD1361
003 CL-VaPUC
008 160303e19810000sp |||||||||||||||||spa|d
020 |a 9788429118193 
082 0 4 |a 572.8  |b FRE  |2 21 
100 0 |a Freifelder, David  |e author  |9 584456 
245 1 0 |a Técnicas de bioquímica y biología molecular 
250 |a 1a. ed 
300 |a 631 p 
942 |c BK 
945 |d 20160303 03:41:00  |a dcastane 
260 |a Barcelona  |b Reverté S. A  |c 1981 
650 0 |a Biología molecular  |9 269677 
650 0 |a Moléculas   |9 259584 
650 0 |a Genética  |9 259443 
650 0 |a Bioquímica   |9 259492 
583 |a last modification  |c 20160303 03:41:00  |k Rodrigo Vera 
490 0 |a Biología Fundamental 
999 |c 362709  |d 362707 
952 |0 0  |1 0  |3 erb  |4 0  |6 572_800000000000000_FRE_1981  |7 0  |8 A  |9 474132  |a BIBCUR  |b BIBCUR  |i 526474K  |l 4  |o 572.8 FRE 1981  |p 526474K  |r 2025-04-22  |s 2025-03-21  |w 2019-11-24  |y BK  |z Catalogado en:20160303  |k QUI 
952 |0 0  |1 0  |3 erb  |4 0  |6 572_800000000000000_FRE_1981  |7 0  |8 A  |9 474133  |a BIBCUR  |b BIBCUR  |i 5264758  |l 2  |m 1  |o 572.8 FRE 1981  |p 5264758  |r 2025-04-22  |s 2024-04-23  |w 2019-11-24  |y BK  |z Catalogado en:20160303  |k QUI 
952 |0 0  |1 0  |3 erb  |4 0  |6 572_800000000000000_FRE_1981  |7 0  |8 A  |9 474134  |a BIBCUR  |b BIBCUR  |i 5265304  |l 5  |m 2  |o 572.8 FRE 1981  |p 5265304  |r 2025-04-22  |s 2024-04-19  |w 2019-11-24  |y BK  |z Catalogado en:20160303  |k QUI 
952 |0 0  |1 0  |3 erb  |4 0  |6 572_800000000000000_FRE_1981  |7 0  |8 A  |9 474135  |a BIBCUR  |b BIBCUR  |i 5431751  |l 6  |o 572.8 FRE 1981  |p 5431751  |r 2025-04-22  |s 2025-04-14  |w 2019-11-24  |y BK  |z Catalogado en:20171020  |k QUI 
952 |0 0  |1 0  |3 erb  |4 0  |6 572_800000000000000_FRE_1981  |7 0  |8 A  |9 474136  |a BIBCUR  |b BIBCUR  |i 5451655  |l 10  |o 572.8 FRE 1981  |p 5451655  |r 2025-04-22  |s 2025-03-20  |w 2019-11-24  |y BK  |z Catalogado en:20180119  |k QUI 
952 |0 0  |1 0  |3 erb  |4 0  |6 572_800000000000000_FRE_1981  |7 0  |8 A  |9 474137  |a BIBCUR  |b BIBCUR  |i 5474671  |l 2  |o 572.8 FRE 1981  |p 5474671  |r 2025-04-22  |s 2023-04-03  |w 2019-11-24  |y BK  |z Catalogado en:20180615  |k QUI